Minecraft Biomes: Plains - Statistics

General Stats
  • This quiz has been taken 15 times
  • The average score is 22 of 38
Answer Stats
Block Category Answer % Correct
Plants Tree Oak
93%
Structures Surface Plains Village
93%
Mobs Creature Cow
79%
Mobs Monster Creeper
79%
Mobs Creature Horse
79%
Mobs Creature Sheep
79%
Mobs Monster Skeleton
79%
Mobs Monster Spider
79%
Mobs Monster Zombie
79%
Mobs Creature Chicken
71%
Mobs Creature Donkey
71%
Mobs Creature Pig
71%
Blocks Surface Grass Block
64%
Structures Underground Mineshaft
64%
Structures Surface Pillager Outpost
64%
Mobs Underground Water Glow Squid
57%
Plants Flower Poppy
57%
Structures Underground Stronghold
57%
Mobs Ambient Bat
50%
Plants Foliage Bush
50%
Mobs Monster Enderman
50%
Plants Flower Orange Tulip
50%
Plants Flower Red Tulip
50%
Plants Foliage Tall Grass
50%
Structures Underground Trial Chambers
50%
Plants Flower White Tulip
50%
Mobs Monster Witch
50%
Structures Surface Abandoned Village
43%
Plants Flower Azure Bluet
43%
Plants Flower Cornflower
43%
Plants Flower Dandelion
43%
Plants Flower Oxeye Daisy
43%
Plants Flower Pink Tulip
43%
Structures Surface Ruined Portal
43%
Mobs Monster Slime
43%
Mobs Monster Zombie Horse
43%
Mobs Monster Zombie Villager
43%
Plants Foliage Short Grass
36%
No matching quizzes found
Score Distribution
Percent of People with Each Score
Percentile by Number Answered
Your Score History
You have not taken this quiz